[Event "Sofia Gerenski Memorial 3rd"]
[Site "Sofia"]
[Date "2010.03.25"]
[Round "6"]
[White "Orev, Petar"]
[Black "Nenov, Radoslav"]
[Result "1-0"]
[WhiteElo "2243"]
[BlackElo "2086"]
[PlyCount "61"]
[EventDate "2010.03.21"]
[EventType "swiss"]
[EventRounds "9"]
[EventCountry "BUL"]
[SourceTitle "CBM 135 Extra"]
[Source "ChessBase"]
[SourceDate "2010.05.04"]
[SourceVersion "1"]
[SourceVersionDate "2010.05.04"]
[SourceQuality "1"]

1. e4 c5 2. c4 Nc6 3. Ne2 g6 4. d4 cxd4 5. Nxd4 Bg7 6. Be3 Nf6 7. Nc3 Ng4 8. Qxg4 Nxd4 9. Qd1 Nc6 10. Qd2 d6 11. Be2 Be6 12. 0-0 0-0 13. Rac1 f5 14. exf5 Bxf5 15. Rfd1 Be6 16. Nd5 Rf7 17. Nf4 Qc8 18. Nxe6 Qxe6 19. c5 d5 20. Qxd5 Qxd5 21. Rxd5 e6 22. Rd2 Nb4 23. Bc4 Re7 24. Bg5 Ree8 25. Re1 h6 26. Rxe6 Rxe6 27. Bxe6+ Kh7 28. Be3 Re8 29. Bc4 Nc6 30. Kf1 h5 31. h3 1-0

[Event "Sofia Gerenski Memorial 3rd"]
[Site "Sofia"]
[Date "2010.03.22"]
[Round "2"]
[White "Nenov, Radoslav"]
[Black "Djakov, Ivan"]
[Result "1-0"]
[WhiteElo "2086"]
[BlackElo "2094"]
[PlyCount "44"]
[EventDate "2010.03.21"]
[EventType "swiss"]
[EventRounds "9"]
[EventCountry "BUL"]
[SourceTitle "CBM 135 Extra"]
[Source "ChessBase"]
[SourceDate "2010.05.04"]
[SourceVersion "1"]
[SourceVersionDate "2010.05.04"]
[SourceQuality "1"]

1. e4 e6 2. d4 d5 3. e5 c5 4. c3 Nc6 5. Nf3 Qb6 6. a3 a5 7. b3 cxd4 8. cxd4 Nge7 9. Bd3 Nf5 10. Bb2 h5 11. Bxf5 exf5 12. 0-0 Be7 13. h4 Qd8 14. Nc3 Be6 15. Nb5 0-0 16. Ne1 g6 17. g3 f4 18. Nd3 Bh3 19. Nxf4 Bxf1 20. Kxf1 Qb6 21. Qd2 Rfd8 22. e6 Rd6 1-0

[Event "BUL-ch Seniors"]
[Site "Sofia"]
[Date "2009.05.14"]
[Round "6"]
[White "Nenov, Radoslav"]
[Black "Anev, Asen"]
[Result "1/2-1/2"]
[WhiteElo "2093"]
[BlackElo "2100"]
[PlyCount "72"]
[EventDate "2009.05.10"]
[EventType "swiss"]
[EventRounds "9"]
[EventCountry "BUL"]
[SourceTitle "CBM 130 Extra"]
[Source "ChessBase"]
[SourceDate "2009.07.02"]
[SourceVersion "2"]
[SourceVersionDate "2009.07.15"]
[SourceQuality "1"]

1. e4 c5 2. Nf3 Nc6 3. Bb5 Qc7 4. c3 Nf6 5. d3 g6 6. 0-0 Bg7 7. Re1 d6 8. h3 0-0 9. Be3 Bd7 10. Nbd2 a6 11. Ba4 b5 12. Bc2 e5 13. Nf1 Rac8 14. Qd2 Rfe8 15. Bg5 Nd8 16. Ne3 Bc6 17. Bb3 c4 18. Bxf6 Bxf6 19. Ng4 Bg7 20. dxc4 Ne6 21. cxb5 axb5 22. Rad1 Rcd8 23. Bd5 Bxd5 24. Qxd5 Qa5 25. a3 Qa4 26. g3 h5 27. Ngh2 Bh6 28. h4 Qc2 29. Qa2 Nc5 30. Qb1 Qb3 31. Nd2 Qa4 32. Nhf3 d5 33. exd5 Rxd5 34. Nf1 Qb3 35. N1d2 Qa4 36. Nf1 Qb3 1/2-1/2

[Event "BUL-ch Seniors"]
[Site "Sofia"]
[Date "2009.05.11"]
[Round "2"]
[White "Nenov, Radoslav"]
[Black "Arnaudov, Petar"]
[Result "0-1"]
[WhiteElo "2093"]
[BlackElo "2199"]
[PlyCount "96"]
[EventDate "2009.05.10"]
[EventType "swiss"]
[EventRounds "9"]
[EventCountry "BUL"]
[SourceTitle "CBM 130 Extra"]
[Source "ChessBase"]
[SourceDate "2009.07.02"]
[SourceVersion "2"]
[SourceVersionDate "2009.07.15"]
[SourceQuality "1"]

1. e4 d6 2. d4 Nf6 3. Nc3 c6 4. Nf3 Bg4 5. Be2 e6 6. Bg5 Be7 7. 0-0 h6 8. Be3 Nbd7 9. a4 Bxf3 10. Bxf3 e5 11. Be2 0-0 12. Qd2 Re8 13. Rfd1 Bf8 14. f3 d5 15. exd5 cxd5 16. Bb5 e4 17. fxe4 Nxe4 18. Nxe4 Rxe4 19. Bd3 Re8 20. Bf4 Nf6 21. Re1 Ne4 22. Bxe4 dxe4 23. Rad1 g5 24. Be5 f6 25. Bg3 Bg7 26. Qb4 f5 27. Be5 Qd7 28. c4 Rad8 29. Qb3 f4 30. c5+ Qd5 31. Qxd5+ Rxd5 32. Bxg7 Kxg7 33. b4 e3 34. b5 Re6 35. Rd3 Kf6 36. Kf1 Kf5 37. Ke2 Ke4 38. Rc1 g4 39. Rcc3 Rxd4 40. Rxd4+ Kxd4 41. Rc1 f3+ 42. gxf3 gxf3+ 43. Kxf3 e2 44. Kf2 Kd3 45. c6 Rf6+ 46. Kg2 bxc6 47. bxc6 Rxc6 48. Rb1 Kd2 0-1

[Event "Sofia Kirov Memorial"]
[Site "Sofia"]
[Date "2009.01.07"]
[Round "6"]
[White "Ivanov, Bogidar"]
[Black "Nenov, Radoslav"]
[Result "1/2-1/2"]
[WhiteElo "2165"]
[BlackElo "2120"]
[PlyCount "107"]
[EventDate "2009.01.03"]
[EventType "swiss"]
[EventRounds "9"]
[EventCountry "BUL"]
[SourceTitle "EXT 2010"]
[Source "ChessBase"]
[SourceDate "2010.11.25"]
[SourceVersion "1"]
[SourceVersionDate "2010.11.25"]
[SourceQuality "1"]

1. d4 Nf6 2. c4 e6 3. g3 Bb4+ 4. Bd2 a5 5. Bg2 d5 6. Nf3 0-0 7. a3 Be7 8. Qc2 Ne4 9. Bf4 c6 10. Nc3 Nxc3 11. Qxc3 Nd7 12. 0-0 a4 13. Qc2 Nb6 14. cxd5 exd5 15. e4 dxe4 16. Qxe4 Bf6 17. Rfe1 Be6 18. Be3 Nc4 19. Qc2 Bd5 20. Bf4 Qb6 21. Be5 Qb3 22. Qxb3 axb3 23. Bxf6 gxf6 24. Re7 b5 25. Re2 Rfe8 26. Rae1 Kf8 27. Kf1 Rxe2 28. Rxe2 Re8 29. Ne1 Rxe2 30. Kxe2 Bxg2 31. Nxg2 Nxb2 32. Kd2 Nc4+ 33. Kc3 b2 34. Kc2 Nxa3+ 35. Kxb2 Nc4+ 36. Kc3 Ke7 37. Nf4 Kd6 38. Nh5 Ke6 39. Nf4+ Kd6 40. Nh5 Ke7 41. Nf4 Nd6 42. f3 Nc4 43. Kb4 Nd2 44. d5 Kd6 45. dxc6 Kxc6 46. Nh5 Nxf3 47. Nxf6 Nxh2 48. Nxh7 Ng4 49. Ng5 f6 50. Nf3 Ne5 51. Nd4+ Kd5 52. Nxb5 Ke4 53. Nd6+ Kf3 54. Ne8 1/2-1/2

[Event "Sofia Kirov Memorial"]
[Site "Sofia"]
[Date "2009.01.05"]
[Round "4"]
[White "Todorov, Todor Spirov"]
[Black "Nenov, Radoslav"]
[Result "1/2-1/2"]
[WhiteElo "2163"]
[BlackElo "2120"]
[PlyCount "77"]
[EventDate "2009.01.03"]
[EventType "swiss"]
[EventRounds "9"]
[EventCountry "BUL"]
[SourceTitle "EXT 2010"]
[Source "ChessBase"]
[SourceDate "2010.11.25"]
[SourceVersion "1"]
[SourceVersionDate "2010.11.25"]
[SourceQuality "1"]

1. Nf3 Nf6 2. d4 e6 3. Bg5 d5 4. e3 Be7 5. Bd3 Nbd7 6. Nbd2 a6 7. Rc1 c5 8. c3 b5 9. a3 Bb7 10. dxc5 Nxc5 11. Bc2 Qc7 12. 0-0 Rd8 13. Bf4 Bd6 14. Bxd6 Qxd6 15. a4 0-0 16. axb5 axb5 17. Nd4 Qb6 18. Qe2 Ba6 19. b4 Nb7 20. Bd3 Nd6 21. N2b3 Nc4 22. Nc5 Ra8 23. g4 Ra7 24. g5 Nd7 25. Ndb3 Nce5 26. f4 Nxd3 27. Qxd3 Rfa8 28. Nxd7 Rxd7 29. Nc5 Rda7 30. Ra1 Bc8 31. Rxa7 Rxa7 32. Nb3 g6 33. Ra1 Rxa1+ 34. Nxa1 e5 35. fxe5 Qe6 36. Qd4 Qf5 37. Qf4 Qb1+ 38. Qf1 Qe4 39. Qf4 1/2-1/2

[Event "BUL-ch Veterans"]
[Site "Sofia"]
[Date "2007.05.08"]
[Round "4"]
[White "Orev, Petar"]
[Black "Nenov, Radoslav"]
[Result "1-0"]
[WhiteElo "2219"]
[BlackElo "2107"]
[PlyCount "91"]
[EventDate "2007.05.05"]
[EventType "swiss"]
[EventRounds "7"]
[EventCountry "BUL"]
[SourceTitle "CBM 118 Extra"]
[Source "ChessBase"]
[SourceDate "2007.07.04"]
[SourceVersion "1"]
[SourceVersionDate "2007.07.04"]
[SourceQuality "1"]

1. g3 d5 2. Bg2 c5 3. Nf3 Nc6 4. d4 e6 5. 0-0 Be7 6. c4 cxd4 7. Nxd4 Nf6 8. Nc3 0-0 9. Be3 Qd7 10. Rc1 Rd8 11. cxd5 Nxd5 12. Nxd5 exd5 13. Nxc6 bxc6 14. Qa4 Bb7 15. Rfe1 Bf6 16. Bd4 Qe7 17. e3 Bxd4 18. Qxd4 Rdc8 19. Rc5 Rc7 20. Rec1 Rac8 21. b4 g6 22. h4 h5 23. Qf4 Rd7 24. b5 Rd6 25. Qa4 Ba8 26. Bxd5 Rcd8 27. Bxc6 Bxc6 28. Rxc6 R8d7 29. Rxd6 Qxd6 30. Qf4 Qd2 31. Rc8+ Rd8 32. Rxd8+ Qxd8 33. Qd4 Qa5 34. a4 Kf8 35. Kg2 Ke7 36. Kf3 f6 37. Ke4 Ke6 38. Qc4+ Ke7 39. Kf3 g5 40. Qe4+ Kd6 41. hxg5 fxg5 42. Qg6+ Kc7 43. Qa6 Qxa6 44. bxa6 Kb6 45. Ke4 Kxa6 46. Kf5 1-0